| 000 | 003280000a22000970004500 | ||
|---|---|---|---|
| 100 | 1 | _aPretiz, Paul E. | |
| 245 | 1 | 0 | _aSurfer, singer, father figure : A short term missionary's experience at the Bible home in Costa Rica |
| 300 | _aVol. 78, Num 2 (Abril-Junio, 1998), Página 20 | ||
| 773 | 0 | _tLatin America Evangelist | |
| 942 | _cANA | ||
| 999 |
_c55126 _d55126 |
||